00488nam a22001217a 4500008004100000040005500041080003000096245012900126260006600255300001500321650001400336653001600350230525b |||||||| |||| 00| 0 eng d aNational Science LibrarycNational Science Library aR 334.746.3/.4:6(540)bM8 aTechnology, equipment and services: bFrom small and medium enterprises in Indiac/ National Alliance of Young Entrepreneurs aNew Delhi: bNational Alliance of Young Entrepreneurs, c1988 axii, 379p. aEconomics aEnterprises